000 00569nam a22001697a 4500
003 UA-OsUOA
001 7509
007 ta
008 20040616b un ||||| |||| 00| 0 ukr d
942 _cSA
040 _aUA-OsUOA
_cUA-OsUOA
_dUA-OsUOA
245 _aВисока відзнака за працю [нач. обл. упр. меліорації і водного господарства В.Терещенка]
300 _aС.1
955 _a0
773 0 _w0
_tВісті Рівненщини
_dРівне
_d2004
_g№55/11 черв./
650 7 _aМеліорація
_2UDC
999 _c293670
_d293670